[Event "Stay Safe Play From Home 193"]
[Site "T#646517Emanuel Laske"]
[Date "2020.06.02"]
[Round "2"]
[White "Shyamph1980"]
[Black "Greblha"]
[Result "0-1"]
[WhiteElo "1620"]
[BlackElo "1991"]
[Annotator "NA RC"]
[PlyCount "66"]
[EventDate "2020.06.02"]
[EventType "swiss (blitz)"]

1. d4 {[%emt 0:00:02]} c6 {[%emt 0:00:00]} 2. e4 {[%emt 0:00:01]} d5 {[%emt 0:00:00]} 3. e5 {[%emt 0:00:02]} Bf5 {[%emt 0:00:02]} 4. Nf3 {[%emt 0:00:01]} e6 {[%emt 0:00:01]} 5. Bd3 {[%emt 0:00:01]} Bxd3 {[%emt 0:00:01]} 6. Qxd3 {[%emt 0:00:01]} Qa5+ {[%emt 0:00:01]} 7. Bd2 {[%emt 0:00:03]} Qa6 {[%emt 0:00:00]} 8. Qe3 {[%emt 0:00:08]} Ne7 {[%emt 0:00:02]} 9. Nc3 {[%emt 0:00:01]} Nf5 {[%emt 0:00:01]} 10. Qe2 {[%emt 0:00:02]} Be7 {[%emt 0:00:02]} 11. Qxa6 {[%emt 0:00:02]} Nxa6 {[%emt 0:00:02]} 12. O-O {[%emt 0:00:01]} c5 {[%emt 0:00:01]} 13. dxc5 {[%emt 0:00:01]} Nxc5 {[%emt 0:00:02]} 14. Nb5 {[%emt 0:00:01]} O-O {[%emt 0:00:01]} 15. g4 {[%emt 0:00:03]} Nh4 {[%emt 0:00:02]} 16. Nxh4 {[%emt 0:00:02]} Bxh4 {[%emt 0:00:00]} 17. Kg2 {[%emt 0:00:01]} Ne4 {[%emt 0:00:01]} 18. Bb4 {[%emt 0:00:03]} Rfc8 {[%emt 0:00:02]} 19. c3 {[%emt 0:00:01]} a6 {[%emt 0:00:01]} 20. Nd4 {[%emt 0:00:01]} b5 {[%emt 0:00:02]} 21. a4 {[%emt 0:00:04]} Nd2 {[%emt 0:00:01]} 22. Rfd1 {[%emt 0:00:02]} Nc4 {[%emt 0:00:01]} 23. axb5 {[%emt 0:00:02]} axb5 {[%emt 0:00:02]} 24. Rxa8 {[%emt 0:00:02]} Rxa8 {[%emt 0:00:01]} 25. Rb1 {[%emt 0:00:01]} Nxe5 {[%emt 0:00:01]} 26. Nxb5 {[%emt 0:00:01]} Nd3 {[%emt 0:00:03]} 27. Bd6 {[%emt 0:00:03]} Bf6 {[%emt 0:00:03]} 28. Nd4 {[%emt 0:00:01]} Be5 {[%emt 0:00:02]} 29. Bxe5 {[%emt 0:00:02]} Nxe5 {[%emt 0:00:01]} 30. Nb5 {[%emt 0:00:01]} Nxg4 {[%emt 0:00:01]} 31. Nc7 {[%emt 0:00:01]} Rb8 {[%emt 0:00:02]} 32. h3 {[%emt 0:00:02]} Ne5 {[%emt 0:00:01]} 33. f4 {[%emt 0:00:01]} Nc4 {[%emt 0:00:01] Time (Lag: Av=0.63s, max=4.6s)} 0-1

[Event "Stay Safe Play From Home 193"]
[Site "T#646517Emanuel Laske"]
[Date "2020.06.02"]
[Round "3"]
[White "Broken sword"]
[Black "Toosieslide"]
[Result "1-0"]
[WhiteElo "2530"]
[BlackElo "2243"]
[Annotator "TA"]
[PlyCount "185"]
[EventDate "2020.06.02"]
[EventType "swiss (blitz)"]

{[%evp 10,184,17,-4,0,0,29,22,11,10,11,0,0,-17,-20,-35,12,12,12,12,23,14,22,14,41,11,22,18,32,15,34,31,35,35,77,8,11,5,7,6,4,4,19,19,19,4,19,11,12,12,18,12,27,18,27,3,27,3,3,2,3,2,2,2,27,0,0,0,0,0,40,41,41,0,0,0,0,0,1968,0,0,0,0,0,2,0,0,0,0,0,0,0,0,0,0,0,9,9,9,9,9,9,9,0,0,0,0,0,9,0,9,9,9,0,29959,51,51,51,51,0,51,0,51,51,51,51,51,51,51,51,123,123,122,123,130,113,29984,29983,29983,29983,29986,29987,29987,29988,29988,29989,29989,29990,29990,29991,29991,29992,29993,29992,29992,29992,29992,29992,29992,29993,29993,29993,29993,29993,29995,29994,29995,29994,29994,29993,29996,29997,29997,29997,29998,29999,29999]} 1. e3 d5 2. d4 c6 3. c4 Nf6 4. Nc3 e6 5. Nf3 Nbd7 6. b3 Bd6 {D45: Semi-Slav: 5 e3.} 7. Bd3 b6 8. O-O Bb7 {The position is equal.} 9. cxd5 exd5 10. Bb2 O-O 11. Qc1 Re8 12. Ba3 {[#]} Qe7 $146 ({Predecessor:} 12... Bb8 13. b4 a6 14. Re1 Ne4 15. h3 Qc7 16. Qc2 f5 17. Ne2 b5 18. Nf4 Qd8 {1-0 (33) Wolf,A (2285)-Riesel,T Himmighausen 1994}) 13. Bxd6 Qxd6 14. Qb2 Ne4 15. Rac1 Nxc3 (15... f5 {looks sharper.} 16. h4 Qf6 17. Ne2 Ndc5 18. Bb1 Ne6) 16. Qxc3 Nf6 17. Qc2 Ne4 18. Rfd1 Rac8 19. Qe2 f6 20. Nd2 Nxd2 21. Rxd2 c5 22. Rdc2 (22. Bf5 $16) 22... cxd4 $1 $11 23. Rxc8 Rxc8 24. Rxc8+ Bxc8 25. exd4 {Black must now prevent Qe8+.} Qe6 26. Qxe6+ Bxe6 {[%mdl 4096] Endgame KB-KB} 27. Kf1 Kf7 28. Ke2 ({Reject} 28. Bxh7 g6 $17) 28... g6 29. Ke3 Ke7 30. b4 Kd6 31. a3 Bd7 32. Be2 Ke6 33. Bg4+ f5 34. Bf3 Bc6 35. h4 Kf6 36. Be2 h6 37. Ba6 g5 38. hxg5+ hxg5 39. f4 gxf4+ 40. Kxf4 {aiming for Bc8.} Ba4 41. Bc8 (41. Bd3 $5 {[%cal Rd3f5]} Bd7 42. Bc2 $14) 41... Bc2 42. g3 Be4 43. Bd7 Ke7 $2 {[%mdl 8192]} (43... Bd3 $11) 44. Bc8 $2 (44. Bxf5 $18 Bh1 45. Ke5) 44... Kf6 45. Bb7 Bg2 46. Ba6 Be4 47. Bb5 Bg2 48. Bd7 Be4 49. Bc8 Bd3 50. Bb7 Be4 51. Bc6 Bg2 52. a4 Be4 53. a5 bxa5 54. bxa5 Bg2 55. Bd7 Be4 56. Ke3 Bc2 57. Kd2 Be4 58. Ke3 Ke7 59. Bc8 Kf6 60. Kf4 Bb1 61. g4 Be4 $2 {[%mdl 8192] [#]} (61... fxg4 $11 62. Bxg4 Bd3) 62. gxf5 $2 (62. Bxf5 {mates} Bh1 63. g5+ Kf7 64. Ke5 Bf3 65. Be6+ {[%mdl 64] Double Attack} Kg6 66. Bxd5 Bh5 67. Be6) 62... Bg2 $14 63. Be6 Be4 64. Bg8 (64. Bd7 $14) 64... Bh1 (64... Kg7 $1 $11 65. Be6 Kf6) 65. Be6 Be4 66. Ke3 Bh1 67. Kd2 Be4 68. Kc3 {Strongly threatening Kb4.} Bxf5 69. Bxd5 Bd7 (69... Ke7 $1 $14) 70. Kc4 $16 Ke7 71. Kc5 Kd8 72. Bc4 a6 $2 {[%mdl 8192] [#] A mistake that costs the game.} (72... Kc7 $16 73. Kd5 Bf5) 73. d5 {White mates.} Bc8 74. Kb6 Kd7 75. Bxa6 Bxa6 76. Kxa6 {KP-KP} Kd6 77. Kb7 Kxd5 {KP-K} 78. a6 Kc4 79. a7 Kd4 80. a8=Q Kc3 81. Qc8+ Kd2 82. Qc7 Ke2 83. Qd6 Ke3 84. Kc6 Kf3 85. Qc5 Ke2 86. Qb4 Kf1 87. Kc5 Kg2 88. Qa3 Kf2 89. Qb2+ Kg1 90. Kd4 Kh1 91. Ke3 Kg1 92. Kf3 {[%csl Gf3][%cal Rb2g2]} Kh1 93. Qg2# {Accuracy: White = 87%, Black = 79%.} 1-0

[Event "Stay Safe Play From Home 193"]
[Site "T#646517Emanuel Laske"]
[Date "2020.06.02"]
[Round "3"]
[White "Tolka"]
[Black "Scorpio New"]
[Result "0-1"]
[WhiteElo "2267"]
[BlackElo "2152"]
[Annotator "TA"]
[PlyCount "130"]
[EventDate "2020.06.02"]
[EventType "swiss (blitz)"]

{[%evp 12,130,49,41,44,43,56,44,49,0,14,6,8,14,11,0,13,0,33,0,0,-28,22,-3,64,-1,-15,-11,-8,-81,-86,-805,-40,-383,-52,-74,-47,-52,0,-154,-149,-137,-142,-514,-507,-452,-118,-166,-134,-139,-125,-208,-210,-223,-151,-285,-287,-1108,-1103,-837,-831,-1020,-1139,-1236,-1163,-1148,-1130,-1065,-1075,-1782,-1710,-1689,-1676,-1494,-1473,-1243,-1093,-1602,-1566,-1338,-1154,-29976,-12791,-29978,-29978,-29970,-6087,-29954,-1979,-29963,-29965,-29965,-29966,-29972,-29973,-29980,-29965,-29965,-29965,-29974,-29975,-29976,-29977,-29981,-29981,-29984,-29985,-29985,-29976,-29976,-29971,-29971,0,-29971,-29971,-29969,-29962,-12786,-5761,-1547,0]} 1. e4 d6 2. Nf3 g6 3. d4 Bg7 4. Nc3 Nd7 5. Be2 c6 6. O-O Qc7 7. a4 e5 {B06: Modern Defence.} 8. dxe5 dxe5 9. Re1 Ngf6 {White is slightly better.} 10. Bf1 O-O 11. h3 Re8 12. Be3 a5 13. Qd2 Nh5 14. Rad1 Nf4 15. g3 Ne6 {[#]} 16. Bc4 $146 ({Predecessor:} 16. Kg2 Bf8 17. Bc4 Ndc5 18. Ng5 Nxg5 19. Bxg5 Be6 20. Bxe6 Nxe6 21. Be3 Rad8 22. Qc1 {½-½ (44) Rodel,W (2050)-Denoth,M (2220) Switzerland 1994}) 16... Ndf8 (16... Nb6 $5 {[%cal Rb6c4]} 17. Qe2 Nxc4 18. Qxc4 Bf8 $15) 17. Kh2 h5 (17... Rd8 $11 18. Qc1 Nd4 19. Bxd4 exd4) 18. Ng5 (18. Qd6 $14) 18... Nxg5 $11 19. Bxg5 Ne6 20. Bh6 (20. Kg2 $11 {remains equal.}) 20... Nd4 $17 21. Bxg7 $4 {[%mdl 8192]} (21. Kg2 $17) 21... Kxg7 $2 (21... Nf3+ $19 22. Kg2 Nxd2 23. Rxd2 Kxg7) 22. Qe3 $2 {[%mdl 8192]} (22. Kg2 $15) 22... Be6 $2 (22... Nxc2 $19 23. Qd2 Nxe1 24. Rxe1 Rd8) 23. Bxe6 Nxe6 24. Rd2 Nd4 ({Black should try} 24... Rad8 $15) 25. Rxd4 $2 (25. Ne2 $11) 25... exd4 26. Qxd4+ Qe5 27. Rd1 $2 {[%mdl 8192]} (27. Qe3 $17 {is a better chance.}) 27... Qxd4 $19 28. Rxd4 {[%mdl 4096] Endgame KRR-KRN} Re7 $2 (28... Rad8 $19 29. Rc4 Rd2 {[%mdl 64] Double Attack}) 29. Rd6 Rae8 30. f3 f5 31. exf5 (31. Kg2 $17 {keeps fighting.}) 31... gxf5 32. h4 Re3 33. Rd7+ (33. Kg2 $17 {was necessary.}) 33... R8e7 34. Rd3 $2 (34. Rd8) 34... Rxd3 35. cxd3 {KR-KN} Re3 36. Kg2 Rxd3 37. Ne2 Rd2 38. Kf1 Rxb2 39. Nf4 Kf7 40. Nxh5 Rb1+ 41. Ke2 Ra1 42. Nf4 Rxa4 43. Nd3 Ra2+ 44. Kd1 Kf6 45. Nc5 Rh2 46. Nxb7 Rh1+ (46... a4 $142 47. Nc5 a3 48. Nb3 Rb2 49. Nc1 a2 50. Nxa2 Rxa2 51. g4 f4 52. Kc1 c5 53. Kd1 Rf2 54. Ke1 Rxf3 55. Kd2 Rh3 56. Ke1 Rh2 57. h5 Kg5 58. Kf1 c4 59. Ke1 f3 60. h6 Re2+ 61. Kd1 Kxh6 62. g5+ Kxg5 63. Kc1 f2 64. Kd1 f1=Q#) 47. Kd2 a4 48. Nc5 Rh2+ (48... a3 $142 49. Nb3 a2 50. Kc3 Rb1 51. f4 Rxb3+ $1 {[%mdl 576] Remove Defender, Promotion} 52. Kxb3 a1=Q 53. h5 Qe1 54. Kc4 Qxg3 55. Kb4 Qxf4+ 56. Kc5 Qe5+ 57. Kb6 f4 58. h6 f3 59. h7 Qb8+ 60. Kc5 f2 61. Kd4 f1=Q 62. h8=Q+ Qxh8 63. Kc3 Qc1+ 64. Kd4 Qd8+ 65. Ke4 Qd5#) 49. Ke3 Rh3 (49... a3 $142 50. Kd3 a2 51. Nb3 Rh1 52. Kc2 Rb1 53. Nd2 Rb8 54. Kd3 a1=Q 55. g4 {[#]} Qd1 $1 {[%mdl 512]} 56. Ke3 f4+ $1 {[%mdl 576] Deflection, Decoy} 57. Kxf4 Qxd2+ 58. Kg3 Rb2 59. g5+ Kf5 60. h5 Qh2#) 50. Nxa4 Rxg3 51. Nc3 Rh3 52. Ne2 Rxh4 53. Nf4 Rh8 54. Nd3 Rc8 55. Kf4 c5 56. Nc1 c4 57. Ne2 c3 58. Nc1 c2 59. Ke3 Rb8 60. Kd2 Rb2 61. Kc3 Rb8 $2 (61... Rb7 {mates} 62. Kxc2 Ke5 63. Nd3+ Kd4 64. Kd2 Rb3 65. Nf4 Rxf3 66. Ne6+ Ke4 67. Ke2 Ra3 68. Nc5+ Kf4 69. Nd7 Kg3 70. Nf6 Ra6 71. Nh5+ Kg4 72. Ng7 Rg6 73. Nxf5 Kxf5 74. Kd3 Rg4 75. Ke3 Re4+ 76. Kd3 Kf4 77. Kd2 Re3 78. Kc2 Kf3 79. Kd2 Kf2 80. Kc1 Re2 81. Kd1 Ke3 82. Kc1 Kd3 83. Kd1 Re8 84. Kc1 Rb8 85. Kd1 Rb1#) 62. Kxc2 $2 {[%mdl 8192]} (62. Kd2 $11 Kg5 63. Nd3) 62... Rc8+ 63. Kd2 Rd8+ 64. Nd3 Re8 65. Nf4 Rd8+ $2 {[%mdl 32768] Accuracy: White = 32%, Black = 58%. . Loss on time!?} (65... Kg5 $19 66. Ng2 f4) 0-1

[Event "Stay Safe Play From Home 193"]
[Site "T#646517Emanuel Laske"]
[Date "2020.06.02"]
[Round "3"]
[White "Rogan"]
[Black "Bellbox"]
[Result "1-0"]
[WhiteElo "2197"]
[BlackElo "2108"]
[Annotator "TA"]
[PlyCount "61"]
[EventDate "2020.06.02"]
[EventType "swiss (blitz)"]

{[%evp 9,60,25,27,26,45,39,41,41,63,6,13,8,32,0,125,125,131,6,89,53,49,48,43,-875,-887,-876,-867,-883,-890,-875,-817,-898,-834,-814,-755,-808,-796,-778,-644,-646,-636,-652,-245,-223,-204,-182,39,0,11,-7,858,847,29999]} 1. d4 f5 2. c3 Nf6 3. Bg5 Ne4 4. Bf4 d6 5. Nd2 {[#]} Nxd2 $146 ({Predecessor:} 5... Nf6 6. Bg5 e6 7. e3 Be7 8. Bd3 b6 9. f4 Bb7 10. Ngf3 O-O 11. O-O Nbd7 {1-0 (33) Graf,A (2630)-Michalczak,T (2303) playchess.com INT 2003}) 6. Qxd2 {A80: Dutch Defence: Unusual White second moves.} Nc6 7. Nf3 e6 8. e3 {White is slightly better.} Be7 9. Bb5 (9. d5 $14 g5 10. dxc6 gxf4 11. Bb5 (11. exf4 bxc6 12. Bc4 d5 $14)) 9... Bd7 $11 10. d5 exd5 11. Qxd5 a6 (11... Bf6 $11 {remains equal.}) 12. Bc4 $16 {[%csl Gc4][%cal Rd5f7]} Rf8 {[#]} 13. Nd4 ({White should try} 13. h4 $1 $16) 13... Bf6 (13... Qc8 $11) 14. Ne6 (14. O-O {with more complications.} Be5 15. Bxe5 dxe5 16. Nxc6 Bxc6 17. Qxe5+ Qe7 18. Qxe7+ Kxe7 19. Rfd1) 14... Bxe6 $1 15. Qxe6+ Qe7 16. Qxf5 $2 {[%mdl 8192] [#]} (16. O-O-O $14) 16... Bxc3+ $1 $19 {[%mdl 576] Discovered Attack} 17. bxc3 Rxf5 18. O-O O-O-O 19. Bd3 Rff8 20. Rab1 Ne5 21. Be2 c6 22. a4 Ng6 23. Bg3 Rf5 24. Bg4 Rdf8 25. Rfe1 {If only White now had time for e4....} Qe4 $2 (25... h5 26. Bh3 Kc7 27. Bxf5 Rxf5) 26. f3 Qc4 27. e4 Ne7 $2 ({Resist} 27... Qc5+ 28. Kh1 $17) (27... Ne5 $19 28. Bxf5+ Kb8 29. Bxh7 Qxa4) 28. exf5 Nd5 {White must now prevent ...h5.} 29. Bxd6 (29. f6+ $5 Kc7 30. fxg7 $11) 29... Rd8 $2 {[%mdl 8192]} (29... Rf6 $11 30. Be5 Qxa4) 30. f6+ $18 {[%mdl 64] Discovered Attack} Rd7 31. Re8# {Accuracy: White = 39%, Black = 40%.} 1-0

[Event "Stay Safe Play From Home 193"]
[Site "T#646517Emanuel Laske"]
[Date "2020.06.02"]
[Round "3"]
[White "Lamborghini"]
[Black "Greblha"]
[Result "1-0"]
[WhiteElo "2164"]
[BlackElo "1994"]
[Annotator "TA"]
[PlyCount "63"]
[EventDate "2020.06.02"]
[EventType "swiss (blitz)"]

{[%evp 9,62,34,72,71,71,75,72,72,110,62,60,44,48,45,45,36,72,37,74,68,93,97,90,90,88,95,106,93,105,44,39,60,966,910,1101,1090,1073,907,1561,1537,29981,29982,29982,29982,29970,29969,29991,29992,29994,29995,29997,29998,29998,29999,29999]} 1. e4 c6 2. d3 d5 3. Nd2 dxe4 4. dxe4 e5 5. Ngf3 Bg4 6. h3 {B10: Caro-Kann: 2 d3 and 2 c4.} Bxf3 7. Qxf3 ({But not} 7. Nxf3 Qxd1+ 8. Kxd1 Nd7 $11) 7... Nf6 8. Bc4 {White is better.} Be7 9. O-O (9. Qb3 {looks sharper.} O-O 10. Qxb7 Nbd7 11. Qb3 Qc7 12. O-O) 9... O-O {[#]} 10. a4 $146 ({Predecessor:} 10. Rd1 Qb6 11. c3 Nbd7 12. b3 Rad8 13. a3 Nc5 14. Rb1 Rd7 15. Nf1 Rxd1 16. Qxd1 Ncxe4 {0-1 (46) Williams,A-Stuart,E ICCF email 2010}) 10... Qc7 11. c3 Nbd7 12. Re1 Nc5 13. Nf1 (13. b4 $5 {[%cal Rb4c5]} Ne6 14. Nb3 $14) 13... Rad8 14. Ng3 g6 15. Bh6 Rfe8 16. a5 b6 17. axb6 axb6 18. b4 b5 {[#]} 19. Bxf7+ ({Don't take} 19. bxc5 bxc4 20. Nf5 Nh5 $14) (19. Nh5 $1 $16 {[%cal Rh5f6]} gxh5 20. Qf5 (20. bxc5 bxc4 21. Qg3+ Ng4 $11)) 19... Kxf7 $14 20. bxc5 Rd2 $2 {[%mdl 8192] This move loses the game for Black.} (20... Bxc5 $14 21. Ne2 Be7) 21. Bxd2 $18 Bxc5 22. Bg5 Re6 23. Be3 Bd6 24. Ra7 Re7 25. Rxc7 {White mates.} Rxc7 26. Bg5 Be7 27. Rd1 Ra7 28. Bxf6 {[%mdl 64] Overworked Piece} Bxf6 {[#]} 29. Rd6 $1 {[%mdl 64] Double Attack} Kg7 30. Qxf6+ {[%mdl 64] Double Attack} Kh6 31. Nf5+ Kh5 32. Qh4# {Accuracy: White = 75%, Black = 42%.} 1-0

[Event "Stay Safe Play From Home 193"]
[Site "T#646517Emanuel Laske"]
[Date "2020.06.02"]
[Round "3"]
[White "Lazieri3"]
[Black "Fish4Life"]
[Result "1-0"]
[WhiteElo "2087"]
[BlackElo "1938"]
[Annotator "TA"]
[PlyCount "89"]
[EventDate "2020.06.02"]
[EventType "swiss (blitz)"]

{[%evp 9,89,0,-2,-22,61,-36,-35,-52,17,-8,29,1,64,-101,-83,-91,-97,-125,-68,-68,8,-58,-63,-136,-141,-140,-138,-114,-19,-389,-384,-360,-372,-760,-708,-703,-327,-331,-162,-632,-632,-671,-606,-562,-131,-150,51,24,21,0,102,45,42,0,113,-252,-278,-224,0,-2116,76,70,49,78,284,289,282,269,291,299,255,226,5514,681,541,208,208,185,488,-369,-370,-338]} 1. e4 c5 2. Nc3 Nc6 3. d3 g6 4. Nf3 Bg7 5. Be3 d6 6. Qd2 {B30: Sicilian: 2...Nc6 3 Bb5, lines without ...g6.} h6 ({Better is} 6... e5 $11) 7. Be2 (7. d4 $14) 7... e5 $15 {[#]} 8. h3 $146 {Black is slightly better.} ({Predecessor:} 8. Nd5 Nge7 9. Nxe7 Qxe7 10. c4 f5 11. Qc2 f4 12. Bd2 g5 13. Bc3 g4 14. Nd2 {0-1 (37) Valkama,J-Hillilae,E Finland 1986}) 8... Nf6 (8... Nge7 $15) 9. O-O $11 Be6 10. Nh2 Nh5 (10... Qe7 $11) 11. f4 $2 (11. Bxh5 $14 {keeps the upper hand.} gxh5 12. f4) 11... exf4 $17 12. Bxf4 Nxf4 13. Qxf4 Be5 (13... g5 $17 14. Qd2 O-O) 14. Qd2 $15 b5 ({Black should try} 14... Qg5 $15 15. Qxg5 hxg5) 15. Nxb5 (15. Nf3 $11) 15... Rb8 $36 {[%mdl 2048] Black is pushing.} 16. Nc3 (16. c4 $15) 16... Rxb2 $17 17. Rab1 Rxb1 18. Nxb1 Qh4 (18... Bxa2 $17 {Threatening ...Qb8.} 19. c4 Bxb1 20. Rxb1 h5) 19. Ng4 $2 {[%mdl 8192]} (19. Nf3 $11 {and White has nothing to worry.} Qg3 20. Nxe5 Nxe5 21. Kh1) 19... Bxg4 $1 $19 20. Bxg4 Qg3 {White must now prevent ...Qh2+.} 21. Nc3 $2 (21. c3 Qh2+ 22. Kf2) 21... Qh2+ 22. Kf2 h5 (22... Bg3+ $142 23. Ke3 Bh4) 23. Bf3 Nd4 (23... Bf4 $142 24. Qd1 Bg5) 24. Nd5 $2 (24. Ne2) 24... Bg3+ 25. Ke3 O-O 26. c3 {[#]} Ne6 $2 (26... Bh4 $1 $19 {[%cal Rh4g5] has better winning chances.} 27. Qd1 Bg5+ 28. Kf2 Rb8 29. cxd4 Rb2+ {[%mdl 64] Double Attack} 30. Qe2 Bh4+ 31. Ke3 cxd4+ 32. Kxd4 Rxe2 33. Bxe2 Qxg2) 27. Ke2 g5 $2 (27... Rb8 $17 28. Qc1 Nf4+ 29. Nxf4 Bxf4) 28. Nf6+ Kh8 29. Nxh5 Nf4+ (29... Rb8 $1 $11) 30. Nxf4 (30. Kd1 $16) 30... Bxf4 $14 31. Qe1 f5 (31... Rb8 $11 {keeps the balance.} 32. Qa1 g4 33. hxg4 Kg7) 32. exf5 $2 {[%mdl 8192]} (32. Rh1 $16 {stays on course.} Qg3 33. Qxg3 Bxg3 34. exf5) 32... Re8+ $19 33. Be4 d5 $2 (33... Qxg2+ $19 34. Rf2 Qg3) 34. Rh1 $2 {[%mdl 8192]} (34. Kd1 $11 Kg7 35. Rh1 Rxe4 {[%mdl 64] Remove Defender} 36. dxe4 (36. Qf1 $2 Qg3 $19) 36... Qxg2 37. Rf1) 34... Qg3 $2 (34... Qxg2+ $19 35. Qf2 Qxh1 {[%mdl 64] Pin}) 35. Qxg3 $16 Bxg3 {[%mdl 4096] Endgame KRB-KRB} 36. Kf3 Bf4 $2 (36... dxe4+ $16 37. Kxg3 exd3) 37. Bxd5 $18 {Strongly threatening f6.} Re3+ {[#]} 38. Kg4 $1 Rg3+ 39. Kh5 Rxd3 40. Be4 Rg3 $2 (40... Re3 41. Bf3 Kg7) 41. Bf3 (41. Kg6 $142 Bc7 42. Rd1) 41... Kg7 42. f6+ $2 (42. Rd1 {Rd7+ is the strong threat.} Kf6 43. Rd8) 42... Kxf6 43. Rd1 g4 $2 (43... Be5 44. c4 a5) 44. Rd5 $4 {[%mdl 8192]} (44. hxg4 $18 {was the only winning move. aiming for Kh4.} Be3 45. Rd6+ Ke7 46. Ra6) 44... gxf3 $19 45. gxf3 {[%mdl 32768] Accuracy: White = 26%, Black = 30%. . Loss on time!?} 1-0

[Event "Stay Safe Play From Home 193"]
[Site "T#646517Emanuel Laske"]
[Date "2020.06.02"]
[Round "3"]
[White "SoulofWolf"]
[Black "Emresenar"]
[Result "1-0"]
[WhiteElo "2079"]
[BlackElo "1734"]
[Annotator "TA"]
[PlyCount "65"]
[EventDate "2020.06.02"]
[EventType "swiss (blitz)"]

{[%evp 9,65,29,48,22,44,35,35,35,78,36,97,53,83,7,34,-2,39,0,50,33,30,-1,-1,-10,23,-23,36,-23,-25,-31,-7,-110,-41,-168,-42,-112,-19,-22,19,10,17,0,57,40,64,66,447,441,444,431,430,424,29993,29994,29994,29995,29995,29996]} 1. d4 b6 2. Nf3 Bb7 3. Bg5 Bxf3 4. exf3 {[#]} g6 $146 ({Predecessor:} 4... h6 5. Bh4 d5 6. c4 Nf6 7. Nc3 e6 8. Bxf6 Qxf6 9. cxd5 exd5 10. Qa4+ c6 11. Nxd5 {1-0 (23) Aura,K-Salermo,S Finland 2002}) 5. f4 Bg7 6. c3 {A40: Unusual replies to 1 d4.} Nf6 7. Bd3 O-O 8. O-O {White is slightly better.} Nc6 9. Nd2 d5 ({Black should try} 9... e6 $1 $14) 10. Re1 Qd6 11. f3 ({White should play} 11. f5 $16) 11... Rfe8 12. Nf1 Nh5 13. Qd2 Bf6 (13... h6 {with more complications.} 14. Bh4 Nxf4 15. Bb5 e5 16. Bf2 g5) 14. Bxf6 (14. Rac1 {keeps more tension.} a6 15. g3 e6 16. Ne3 Ne7 17. Qe2) 14... Nxf6 15. g3 e6 16. Qe2 Ne7 17. Nd2 Nf5 (17... Nd7 $11) 18. Nb3 (18. g4 $14) 18... c5 $11 {...c4 is the strong threat.} 19. dxc5 bxc5 {Hoping for ...c4.} 20. Nd2 (20. Bxf5 $11 {remains equal.} gxf5 21. Qe5) 20... c4 (20... Qb6 $1 $17 {White must now prevent ...c4+.} 21. Bxf5 exf5) 21. Bc2 (21. Bxf5 $1 $15 Qb6+ 22. Qf2 gxf5 23. b3) 21... Nd7 (21... Qb6+ $19 22. Qf2 Qxb2 23. Bxf5 gxf5) 22. Nf1 ({Better is} 22. Bxf5 $15 Qc5+ 23. Kg2 gxf5 24. Rac1) 22... e5 (22... Qb6+ $17 23. Ne3 Qxb2) 23. fxe5 Rxe5 (23... Nxe5 {is interesting.} 24. Kg2 Rab8 25. Rab1 Qf6 26. Qd1 Rbd8) 24. Qf2 Rae8 25. Rxe5 Qxe5 (25... Nxe5 $11 26. Rd1 Qc6) 26. Rd1 Nb6 27. a4 $1 {[#]} Ne3 $2 {[%mdl 8192] [#]} (27... d4 $1 $14 {[%mdl 512]}) 28. Re1 $1 $18 {[%cal Bd1e1,Be1e3,Be3e8][%mdl 32]} d4 29. cxd4 Qxd4 30. Rxe3 ({But not} 30. Nxe3 Re6 $18) 30... Nd5 (30... Rxe3 $18 31. Nxe3 Qxb2) 31. Rxe8+ {[%mdl 64] Discovered Attack. White mates.} Kg7 32. Qxd4+ f6 33. Qxd5 {Accuracy: White = 46%, Black = 28%.} 1-0

[Event "Stay Safe Play From Home 193"]
[Site "T#646517Emanuel Laske"]
[Date "2020.06.02"]
[Round "3"]
[White "Fischer_11"]
[Black "Mepe_Nika"]
[Result "0-1"]
[WhiteElo "2073"]
[BlackElo "2282"]
[Annotator "NA RC"]
[PlyCount "34"]
[EventDate "2020.06.02"]
[EventType "swiss (blitz)"]

1. e4 {[%emt 0:00:01]} g6 {[%emt 0:00:01]} 2. d4 {[%emt 0:00:06]} d6 {[%emt 0:00:01]} 3. Nc3 {[%emt 0:00:00]} c6 {[%emt 0:00:01]} 4. Bg5 {[%emt 0:00:00]} Bg7 {[%emt 0:00:04]} 5. Qd2 {[%emt 0:00:01]} b5 {[%emt 0:00:01]} 6. a3 {[%emt 0:00:02]} Nd7 {[%emt 0:00:01]} 7. O-O-O {[%emt 0:00:02]} Nb6 {[%emt 0:00:01]} 8. f4 {[%emt 0:00:02]} a5 {[%emt 0:00:01]} 9. e5 {[%emt 0:00:01]} b4 {[%emt 0:00:01]} 10. Ne4 {[%emt 0:00:03]} bxa3 {[%emt 0:00:03]} 11. bxa3 {[%emt 0:00:00]} Rb8 {[%emt 0:00:04]} 12. exd6 {[%emt 0:00:10]} Bf5 {[%emt 0:00:03]} 13. dxe7 {[%emt 0:00:02]} Nxe7 {[%emt 0:00:00]} 14. Nf6+ {[%emt 0:00:05]} Kf8 {[%emt 0:00:01]} 15. Nf3 {[%emt 0:00:04]} Nbd5 {[%emt 0:00:01]} 16. Nxd5 {[%emt 0:00:03]} Qxd5 {[%emt 0:00:00]} 17. c4 {[%emt 0:00:02]} Rb1# {[%emt 0:00:03] (Lag: Av=0.26s, max=0.4s)} 0-1